MLB Teams That Haven't Relocated - Statistics

General Stats
  • This quiz has been taken 110 times
  • The average score is 15 of 19
Answer Stats
Year Answer % Correct
1882 Cincinnati Reds
97%
1901 Boston Red Sox
94%
1870 Chicago Cubs
92%
1993 Colorado Rockies
89%
1993 Miami Marlins
89%
1901 Chicago White Sox
87%
1998 Arizona Diamondbacks
86%
1962 New York Mets
84%
1977 Seattle Mariners
84%
1988 Tampa Bay Rays
84%
1962 Houston Astros
80%
1883 Philadelphia Phillies
71%
1882 St. Louis Cardinals
71%
1882 Pittsburgh Pirates
70%
1969 San Diego Padres
70%
1977 Toronto Blue Jays
70%
1894 Detroit Tigers
65%
1969 Kansas City Royals
63%
1961 Los Angeles Angels
63%
No matching quizzes found
Score Distribution
Percent of People with Each Score
Percentile by Number Answered
Your Score History
You have not taken this quiz